000 00310nam a2200121Ia 4500
008 221030s9999 xx 000 0 und d
082 _a105.23
245 0 _aPerception of Customers Regarding E - Banking Service of J & K Bank
260 _bJK Bank
_c2008
300 _a62
650 _aManagement
942 _cTH
999 _c10244
_d10244